Normal view
MARC view
- Robotics-principles and practice
Entry Topical Term
001 - CONTROL NUMBER
- control field: 106675
003 - CONTROL NUMBER IDENTIFIER
- control field: NUST
005 - DATE AND TIME OF LATEST TRANSACTION
- control field: 20230103090909.0
008 - FIXED-LENGTH DATA ELEMENTS
- fixed length control field: 230103|| aca||aabn | a|a d
040 ## - CATALOGING SOURCE
- Original cataloging agency: NUST
- Transcribing agency: NUST
150 ## - HEADING--TOPICAL TERM
- Topical term or geographic name entry element: Robotics-principles and practice
670 ## - SOURCE DATA FOUND
- Source citation: Work cat.: (NUST)183998: K.C.Jain 54358, Robotics-principles and practice /, 1993
